Šikanovanie žiakov na školách

Guardado en:
Detalles Bibliográficos
Autor principal: Bielik, Peter, 1977- (Autor)
Otros Autores: Bednáriková, Mária, 1978- (Orientador)
Formato: Manuscrito Libro
Lenguaje:eslovaco
Publicado: STU v Bratislave MTF UIPH, 2010
Acceso en línea:VAIS
Etiquetas: Agregar Etiqueta
Sin Etiquetas, Sea el primero en etiquetar este registro!

MARC

LEADER 00000ntm a22000003a 4500
001 stu208114
005 20160719160322.0
008 100722s2010------------------------slo-d
040 |a STU  |b slo 
041 0 |a slo 
100 1 |a Bielik, Peter,  |d 1977-  |4 aut  |X 57568  |7 A000057568 
242 0 0 |a Bullying in schools  |y eng 
245 1 |a Šikanovanie žiakov na školách 
260 |b STU v Bratislave MTF UIPH,  |c 2010 
700 1 |a Bednáriková, Mária,  |d 1978-  |4 ths  |u M310  |U MTF Ústav inžinierskej pedagogiky a humatitných vied  |T MTF Katedra humanitných vied  |X 70675  |U M310  |Y M310  |7 A000070675 
856 4 |a info a plný text  |u http://is.stuba.sk/zp/portal_zp.pl?podrobnosti=58840  |3 VAIS 
996 |c M*DP-9566  |l MMSKP  |s P  |a 0  |w stu208114_0001